| 000 | 00766nam a2200253 i 4500 | ||
|---|---|---|---|
| 008 | |||
| 020 | _a0316950912 (hbk.) | ||
| 049 | _aMAIN | ||
| 090 |
_aRD119 _bAES |
||
| 245 | 0 | 0 |
_aAesthetic blepharoplasty / _cedited by Francis G. Wolfort, William R. Kanter. |
| 260 |
_aBoston : _bLittle, Brown, _cc1995. |
||
| 300 |
_axvi, 226 p. : _bill. ; _c29 cm. |
||
| 504 | _aIncludes bibliographical references. | ||
| 500 | _alncludes index. | ||
| 650 | 0 | _aEyelids-surgery. | |
| 650 | 0 |
_aBlepharoplasty _vSurgery, Plastic. |
|
| 700 | _aKanter, William R. | ||
| 700 | 1 | _aWolfort, Francis G. | |
| 907 |
_a.b10334117 _b22-10-13 _c16-07-13 |
||
| 003 | |||
| 005 | 20230120204128.0 | ||
| 040 | _cNUST | ||
| 942 |
_cBOOKS _kRD119 _mAES |
||
| 999 |
_c117637 _d117637 |
||